| 000 | 00375nam a2200181Ia 4500 | ||
|---|---|---|---|
| 008 | 210210b1955 xxu||||| |||| 00| 0 eng d | ||
| 041 | _aeng | ||
| 082 | _a828/542 | ||
| 100 | _aROTH (L) | ||
| 245 | _aI'll cry tomorrow | ||
| 260 |
_aLondon _b- _c1955 |
||
| 650 | _atomorrow | ||
| 650 | _all | ||
| 650 | _aI | ||
| 650 | _acry | ||
| 690 | _aBiography | ||
| 906 | _a016386 | ||
| 999 |
_c135896 _d135896 |
||